|
|
|
|
| LEADER |
00000cas a22000004a 4500 |
| 001 |
vtls008419794 |
| 003 |
SK-MaSNL |
| 005 |
20260228161001.0 |
| 008 |
051220d20022014xo qr p 0 b0slo |
| 040 |
|
|
|a SVKPO
|b slo
|c SVKPO
|d SNK
|d SVKBB
|e AACR2
|
| 041 |
0 |
|
|a slo
|
| 044 |
|
|
|a xo
|c SK
|
| 072 |
|
7 |
|a 378
|x Vysoké školy
|2 konspekt
|
| 080 |
|
|
|a 378.4
|2 2011
|
| 080 |
|
|
|a 050
|2 2011
|
| 245 |
0 |
0 |
|a TnU Trendy
|b časopis o živote študentov a učiteľov Trenčianskej univerzity Alexandra Dubčeka
|
| 246 |
3 |
3 |
|a TnU Trendy
|
| 260 |
|
|
|a Trenčín
|b Trenčianska univerzita v Trenčíne
|c 2002-2014
|
| 300 |
|
|
|a zv.
|c 35 cm
|
| 310 |
|
|
|a 4x ročne
|
| 500 |
|
|
|a Predošlý podnázov do r.2009: štvrťročník Trenčianskej univerzity Alexandra Dubčeka v Trenčíne
|
| 500 |
|
|
|a Registračné č. MK SR: 2808/2002
|
| 500 |
|
|
|a Šéfredaktorka: (2002-1/2008), Ružena Wagnerová; (2/2008-2009), Jana Bodorová; (2011-3/2012), Eva Eliášová; (4/2012-), Norbert Jiroš
|
| 610 |
2 |
|
|a Trenčianska univerzita Alexandra Dubčeka v Trenčíne
|2 SNKKA
|9 35704
|
| 650 |
0 |
7 |
|a vysoké školy
|2 SNKPH
|9 1277
|
| 655 |
|
7 |
|a vysokoškolské časopisy
|2 SNKPH
|9 267722
|
| 700 |
1 |
|
|a Wagnerová, Ružena
|4 pbd
|9 222077
|
| 700 |
1 |
|
|a Bodorová, Jana
|4 pbd
|9 267723
|
| 700 |
1 |
|
|a Eliášová, Eva
|4 pbd
|9 267724
|
| 700 |
1 |
|
|a Jiroš, Norbert
|4 pbd
|9 267725
|
| 710 |
2 |
|
|a Trenčianska univerzita Alexandra Dubčeka v Trenčíne
|4 pbl
|9 35704
|
| 852 |
|
|
|a Štátna vedecká knižnica v Banskej Bystrici
|
| 856 |
4 |
1 |
|u https://tnuni.sk/verejnost/vedecke-casopisy/tnu-trendy/
|
| 910 |
|
|
|a svkpo
|
| 910 |
|
|
|a svkbb
|
| 910 |
|
|
|a snk
|
| 999 |
|
|
|c 4033
|d 5963
|
| 952 |
|
|
|0 0
|1 0
|3 Spoločne zviazané r. 2011-2012
|4 0
|7 0
|8 0
|a SNK
|b SNK
|d 2020-02-03
|i snk2020/2262
|l 0
|o snkČSB 7477/2011
|p 17A1386368
|r 2026-02-21 21:50:30
|t č. 1-4
|w 2026-02-21
|y PREZ
|z Od roku 2011 neuvádzajú ročník. ; Spoločne zviazané r. 2011-2012
|
| 952 |
|
|
|0 0
|1 0
|3 Spoločne zviazané r. 2011-2012
|4 0
|7 0
|8 0
|a SNK
|b SNK
|d 2020-02-03
|i snk2020/2262
|l 0
|o snkČSB 7477/2012
|p 17A1386369
|r 2026-02-21 21:50:36
|t č. 1-4, neúplné
|w 2026-02-21
|y PREZ
|z Od roku 2011 neuvádzajú ročník. ; Chýba č. 3, 4. ; Spoločne zviazané r. 2011-2012
|
| 952 |
|
|
|0 0
|1 0
|3 Spoločne zviazané r. 2006-2010
|4 0
|7 0
|8 0
|a SNK
|b SNK
|d 2020-01-31
|i snk2020/2156
|l 0
|o snkČSB 7477/6/2008
|p 17A1386364
|r 2026-02-21 22:06:57
|t č. 1-4
|w 2026-02-21
|y PREZ
|z Roky 2006 a 2007 majú rovnaký ročník 5. ; Spoločne zviazané r. 2006-2010
|
| 952 |
|
|
|0 0
|1 0
|3 Spoločne zviazané r. 2006-2010
|4 0
|7 0
|8 0
|a SNK
|b SNK
|d 2020-01-31
|i snk2020/2156
|l 0
|o snkČSB 7477/7/2009
|p 17A1386366
|r 2026-02-21 22:06:57
|t č. 1-4
|w 2026-02-21
|y PREZ
|z Roky 2006 a 2007 majú rovnaký ročník 5. ; Spoločne zviazané r. 2006-2010
|
| 952 |
|
|
|0 0
|1 0
|3 Spoločne zviazané r. 2006-2010
|4 0
|7 0
|8 0
|a SNK
|b SNK
|d 2020-01-31
|i snk2020/2156
|l 0
|o snkČSB 7477/5/2007
|p 17A1386365
|r 2026-02-21 22:06:57
|t č. 1-4
|w 2026-02-21
|y PREZ
|z Roky 2006 a 2007 majú rovnaký ročník 5. ; Spoločne zviazané r. 2006-2010
|
| 952 |
|
|
|0 0
|1 0
|3 Spoločne zviazané r. 2006-2010
|4 0
|7 0
|8 0
|a SNK
|b SNK
|d 2020-01-31
|i snk2020/2156
|l 0
|o snkČSB 7477/8/2010
|p 17A1386367
|r 2026-02-21 22:06:57
|t č. 1-2, neúplné
|w 2026-02-21
|y PREZ
|z Roky 2006 a 2007 majú rovnaký ročník 5. ; Chýba č. 2. ; Spoločne zviazané r. 2006-2010
|
| 952 |
|
|
|0 0
|1 0
|3 Spoločne zviazané r. 2002-2005
|4 0
|7 0
|8 0
|a SNK
|b SNK
|d 2020-01-31
|i snk2020/2053
|l 0
|o snkČSB 7477/3/2004
|p 17A1386361
|r 2026-02-21 22:07:24
|t č. 1-4
|w 2026-02-21
|y PREZ
|z Spoločne zviazané r. 2002-2005
|
| 952 |
|
|
|0 0
|1 0
|3 Spoločne zviazané r. 2002-2005
|4 0
|7 0
|8 0
|a SNK
|b SNK
|d 2020-01-31
|i snk2020/2053
|l 0
|o snkČSB 7477/4/2005
|p 17A1386362
|r 2026-02-21 22:07:24
|t č. 1-4
|w 2026-02-21
|y PREZ
|z Spoločne zviazané r. 2002-2005
|
| 952 |
|
|
|0 0
|1 0
|3 Spoločne zviazané r. 2006-2010
|4 0
|7 0
|8 0
|a SNK
|b SNK
|d 2020-01-31
|i snk2020/2156
|l 0
|o snkČSB 7477/5/2006
|p 17A1386363
|r 2026-02-21 22:07:24
|t č. 1-4
|w 2026-02-21
|y PREZ
|z Roky 2006 a 2007 majú rovnaký ročník 5. ; Spoločne zviazané r. 2006-2010
|
| 952 |
|
|
|0 0
|1 0
|3 Spoločne zviazané r. 2002-2005
|4 0
|7 0
|8 0
|a SNK
|b SNK
|d 2020-01-30
|i snk2020/2053
|l 0
|o snkČSB 7477/1/2002
|p 17A1386359
|r 2026-02-21 22:22:37
|t č. 1-2
|w 2026-02-21
|y PREZ
|z Spoločne zviazané r. 2002-2005
|
| 952 |
|
|
|0 0
|1 0
|3 Spoločne zviazané r. 2002-2005
|4 0
|7 0
|8 0
|a SNK
|b SNK
|d 2020-01-30
|i snk2020/2053
|l 0
|o snkČSB 7477/2/2003
|p 17A1386360
|r 2026-02-21 22:22:37
|t č. 1-4
|w 2026-02-21
|y PREZ
|z Spoločne zviazané r. 2002-2005
|